000 00883nam a22002777a 4500
001 BR7303415
003 BR-BrBNA
005 20230928083953.0
007 ta
008 230509b bl.||||| |||| 00| 0 por d
040 _aBR-BrBNA
_bpor
_cBiblioteca Nacional de Agricultura
041 _a(Spa)
072 _aE10
_b2110
_b/G514
090 _ 2110 BR7303415
100 1 _aCarvalho, A.M.F. de
110 1 _aIICA, Bogota (Colombia)
_0Thesis (Magister Scientiae)
_95551
245 1 _aEstudio de la eficiencia economica de las empresas cacaoteras: el caso de Ilheus [Cacau; Bahia; Brasil]
260 3 _aBogota (Colombia):
_c1972.
300 _a280 p.
500 _a46 ref.; Summary (Eng). (*) Documento disponível na(o) CEPLAC, Itabuna, BA (Brazil)
650 _aCacau
650 _aEmpresa agricola
650 _aBahia
909 _a202309
_bLucia
_c55
_dLucia Elande
942 _cBK
999 _c16074
_d16074